000 00543nam a2200205 a 4500
001 54072
003 BD-RjUL
005 20211209080053.0
008 161101s1968 enk||||| |||| 00| 0 eng d
035 _a(BD-RjUL)54194
040 _aBD-RjUL
_beng
_cBD-RjUL
_dBD-RjUL
041 _aeng
082 _223
_a821.92
_bMOD 1968
245 1 0 _aModern poets /
_cJim Hunter
260 _aLondon :
_bFaber,
_c1968
300 _a141 p. ;
_c18 cm.
650 _aEnglish poetry -- 20th century.
_9161436
700 _aHunter, Jim
_9161437
942 _2ddc
_cBK
999 _c54072
_d54072